000 00575nam a2200193Ia 4500
005 20250326145314.0
008 250326s9999 xx 000 0 und d
037 _aTextbook
040 _aFMSL
_beng
_cFMSL
041 _aeng
_2eng
084 _aX9W:8 Q2
_qFMSL
100 _aVolkmann C K
_9750969
245 0 _aSocial entrepreneurship and social business
_cVolkmann C K And Others
260 _aUnited Kingdom
_bUnited Kingdom, Springer
_c2012
365 _b2283.9137999999998
650 _aManagement
942 _cTB
_hX9W:8 Q2
999 _c1307116
_d1307116